|
|
|
|
| LEADER |
00872nam a2200181 a 4500 |
| 008 |
100607s2001 bg 00 0 ben d |
| 020 |
|
|
|a 9843110803
|
| 040 |
|
|
|a BD-DhAAL
|c BD-DhAAL
|d BD-DhAAL
|
| 082 |
0 |
0 |
|a 070
|2 21
|
| 100 |
1 |
0 |
|a মঞ্জু,কামরুল হাসান
|
| 245 |
1 |
0 |
|a তৃণমূল সাংবাদিকতা :
|b ধারনা ও কলাকৌশল /
|c কামরুল হাসান মঞ্জু
|
| 260 |
|
|
|a ঢাকা :
|b ম্যাসলাইন মিডিয়া সেন্টার,
|c ২০০১
|
| 300 |
|
|
|a ২৬০ পৃ. ;
|c ২২ সে.মি.
|
| 541 |
1 |
|
|e 00020016
|
| 650 |
|
0 |
|a Journalism
|
| 852 |
4 |
|
|a Ayesha Abed Library
|j General shelf
|
| 999 |
|
|
|c 8858
|d 8858
|
| 952 |
|
|
|0 0
|1 0
|2 ddc
|4 0
|6 070_000000000000000_MON_2001
|7 0
|9 10787
|a BRACUL
|b BRACUL
|c GEN
|d 2010-06-09
|l 0
|o 070 MON
|p 3010020016
|r 2010-06-09
|t 1
|w 2010-06-09
|y BK
|